| 000 | 00589nam a22001817a 4500 | ||
|---|---|---|---|
| 999 |
_c193203 _d193203 |
||
| 005 | 20221017165233.0 | ||
| 010 | _aENG-135457 | ||
| 020 |
_a9789390569816 _c225.00 |
||
| 035 | _aEN-118989 | ||
| 037 | _bDBAD/PUB | ||
| 082 | _a888.08 | ||
| 100 | _aThomas, Roy p | ||
| 245 |
_aLenten thoughts: _breduce carbon footprints practise carbon fasting _cby Roy P Thomas |
||
| 260 |
_bISPCK _aDelhi _c2022 |
||
| 270 |
_apost box 1585, 1654 madarsa road, kashmere gate _bdelhi _e110006 _k011-23866323 |
||
| 300 |
_a107p. _c22cm(pbk) _bbibliography |
||
| 942 |
_2ddc _cEN _mTHO _h888.08 |
||